[Event "RSA-ch (Women)"]
[Site "Cape Town"]
[Date "2024.03.31"]
[Round "8"]
[White "Rautenbach, Helen Christine"]
[Black "Laubscher, Anzel"]
[Result "1/2-1/2"]
[WhiteElo "1586"]
[BlackElo "1820"]
[PlyCount "127"]
[EventDate "2024.03.25"]
[EventType "tourn"]
[EventRounds "11"]
[EventCountry "RSA"]
[SourceTitle "CB14_2024"]
[SourceDate "2024.04.01"]
[SourceVersion "1"]
[SourceVersionDate "2024.04.01"]
[SourceQuality "1"]

1. e4 c5 2. Nf3 d6 3. Bc4 Nf6 4. d3 g6 5. 0-0 Bg7 6. h3 0-0 7. Be3 Nc6 8. Nc3 a6 9. a3 b5 10. Ba2 e6 11. Qc1 Bb7 12. Re1 Rc8 13. Bg5 Qd7 14. Qf4 Nh5 15. Qd2 Nd4 16. Nxd4 cxd4 17. Ne2 e5 18. Rac1 d5 19. Bxd5 Bxd5 20. exd5 Qxd5 21. Bh6 Rfd8 22. Qg5 Bf6 23. Qd2 Bh8 24. Qa5 Rd6 25. Red1 g5 26. Bxg5 Rg6 27. c4 Qb7 28. h4 h6 29. cxb5 hxg5 30. hxg5 axb5 31. Rxc8+ Qxc8 32. Qxb5 Rc6 33. Qb3 Qc7 34. a4 Bg7 35. Kf1 Bf8 36. Ra1 Rb6 37. Qa2 Qc2 38. b3 Qxa2 39. Rxa2 Rxb3 40. g4 Nf4 41. Nxf4 exf4 42. Ke2 Kg7 43. a5 Kg6 44. a6 Rb8 45. Kf3 Kxg5 46. Ra5+ Kf6 47. Kxf4 Ke6 48. Ke4 Bg7 49. f4 Kd6 50. g5 Kc6 51. Rf5 Re8+ 52. Kf3 Re7 53. Kg4 Kb6 54. Kh5 Rd7 55. a7 Kxa7 56. Rb5 Bf8 57. Kg4 Ka6 58. Rb8 Bd6 59. Rc8 Kb5 60. f5 Ra7 61. g6 fxg6 62. fxg6 Be5 63. Kf5 Bg7 64. Rc4 1/2-1/2